Về một số tính chất của không gian metric mờ và không gian metric suy rộng Luận văn thạc sĩ Toán Học. Chuyên ngành: Giải tích. Mã số: 60.46 01

Saved in:
Bibliographic Details
Main Author: Nguyễn, Đỗ Phú Vinh
Other Authors: Trần Văn Ân (Hướng dẫn)
Format: Thesis Kit Book
Published: Vinh Đại học Vinh 2009
Subjects:
Tags: Add Tag
No Tags, Be the first to tag this record!
Institutions: Trung tâm Học liệu Lê Vũ Hùng, Trường Đại học Đồng Tháp
LEADER 01104ppm a22002898a 4500
001 00036369
005 20171026081025.0
008 170228s2009 ||||||Viesd
041 0 # |a Vie 
082 1 4 |a 515  |b V250M 
100 1 # |a Nguyễn, Đỗ Phú Vinh 
245 0 0 |a Về một số tính chất của không gian metric mờ và không gian metric suy rộng  |b Luận văn thạc sĩ Toán Học. Chuyên ngành: Giải tích. Mã số: 60.46 01  |c Nguyễn Đỗ Phú Vinh; Trần Văn Ân (hướng dẫn) 
260 # # |a Vinh  |b Đại học Vinh  |c 2009 
300 # # |a 39tr.  |c 30cm. 
500 # # |a ĐTTTS ghi: Bộ giáo dục và đào tạo. Đại học Vinh 
653 # # |a Không gian 
653 # # |a Tính chất 
653 # # |a Mê Trích 
653 # # |a Luận văn 
700 1 # |a Trần Văn Ân  |e Hướng dẫn 
852 # # |j LV.0000820 
852 # # |b Kho đọc SĐH  |j LV.0000820 
910 |d 28/02/2017 
980 # # |a Trung tâm Học liệu Lê Vũ Hùng, Trường Đại học Đồng Tháp